000 00494nam a22001817a 4500
003 CEME
005 20210628205724.0
008 210316b xxu||||| |||| 00| 0 eng d
020 _a0-7923-9775-4
040 _c.
082 _a621.3823 BER
100 _aBergmans, Jan.W.M
_976820
245 _a Digital baseband transmission and recording
260 _aBOSTON
_bKLUWER ACADEMIC
_c1996
300 _a633P
650 _aBASEBAND TRANSMISSION AND RECORDING-DIGITAL
_976821
942 _cBK
_2ddc
999 _c582143
_d582143